01438pab a2200157 454500008004000000100001900040245006600059260000900125300001300134362000800147520105100155650001401206650002001220650001301240773002701253180718b2018 xxu||||| |||| 00| 0 eng d aThorpe, Amelia aHegel's Hipsters: claiming ownership in the contemporary city c2018 ap.25-48. aFeb aProperty is both revered and reviled. Praised for its connections to autonomy, agency, power and community, property attracts scorching critiques for its implication in exclusion, inequality and injustice. This article provides a new perspective from which to examine this dual nature of property. Drawing on fieldwork in the United States, Canada, Australia and New Zealand, property is examined in the context of citizen and community-led ムdo-it-yourselfメ interventions in the urban environment. Perhaps even more than in formal planning processes, claims about ownership are central to these activities. Finding multiple forms of property at work in the city, and noting that formal legal title is often less important than more informal ownership, this article sheds new light on some of the oldest debates in property. Amongst echoes of Lockean labour-based theory, Hegelian personhood theory emerges as particularly helpful in explaining the intimate connections between property and identity, community and power in the city. - Reprodu aCommunity aProperty theory aProperty aSocial & Legal Studies